000
00250nam a22001097a 4500
082
_a
355.02 VAN'H
100
_a
VANCE, VICK,LAUER, PIERRE
_9
79828
245
_a
HUSSEIN OF JORDAN
260
_a
LONDON
_b
PETER OWEN
_c
1969
300
_a
176P
942
_c
BK
999
_c
584821
_d
584821